ঢাকা মেডিকেল কলেজ: সেবা সংগ্রাম ঐতিহ্য / (Record no. 27557)

MARC details
000 -LEADER
fixed length control field 00904nam a22002057a 4500
003 - CONTROL NUMBER IDENTIFIER
control field BDDh-ASL
005 - DATE AND TIME OF LATEST TRANSACTION
control field 20231015030800.0
008 - FIXED-LENGTH DATA ELEMENTS--GENERAL INFORMATION
fixed length control field 211104b20182012b ||||| |||| 00| 0 b d
040 ## - CATALOGING SOURCE
Transcribing agency BDDh-ASL
082 ## - DEWEY DECIMAL CLASSIFICATION NUMBER
Classification number 954.922
Item number LID
100 1# - MAIN ENTRY--PERSONAL NAME
9 (RLIN) 5738
Personal name লিটু, মনিলাল আইচ
Titles and words associated with a name অধ্যাপক ডা.
245 10 - TITLE STATEMENT
Title ঢাকা মেডিকেল কলেজ: সেবা সংগ্রাম ঐতিহ্য /
246 ## - VARYING FORM OF TITLE
Title proper/short title Dhaka Medical College Sheba Sangram Oitijjo.
260 ## - PUBLICATION, DISTRIBUTION, ETC.
Place of publication, distribution, etc. ঢাকা:
Name of publisher, distributor, etc. ঢাকা মেডিকেল কলেজ ইতিহাস সংরক্ষণ প্রকল্প,
Date of publication, distribution, etc. ২০১৯।
300 ## - PHYSICAL DESCRIPTION
Extent ১৬০ পৃষ্ঠা, :
Dimensions ২২ সে. মি.
650 #0 - SUBJECT ADDED ENTRY--TOPICAL TERM
9 (RLIN) 4586
Topical term or geographic name entry element History (ইতিহাস)
650 #0 - SUBJECT ADDED ENTRY--TOPICAL TERM
9 (RLIN) 4435
Topical term or geographic name entry element Dhaka Medical History
700 1# - ADDED ENTRY--PERSONAL NAME
9 (RLIN) 5739
Personal name মাহবুব, এম আর
942 ## - ADDED ENTRY ELEMENTS (KOHA)
Source of classification or shelving scheme Dewey Decimal Classification
Koha item type Books
Holdings
Withdrawn status Lost status Source of classification or shelving scheme Damaged status Not for loan Collection code Home library Current library Shelving location Date acquired Source of acquisition Total Checkouts Full call number Barcode Date last seen Copy number Price effective from Koha item type
    Dewey Decimal Classification     Non-fiction Asiatic Society Library Asiatic Society Library General Stacks 11/04/2021 Complementary   954.922 LID 113679 11/04/2021 C-1 11/04/2021 Books

Powered by Koha